000 00659cam a22002413a 4500
001 6005
003 PGUSA
005 20140828083127.0
008 040701s2004||||xxu|||||s|||||000 1 eng d
040 _aPGUSA
_beng
042 _adc
050 4 _aPR
100 1 _aMoore, George,
_d1852-1933
245 1 0 _aCelibates
_h[electronic resource] /
_cGeorge Moore
260 _bProject Gutenberg,
_c2004
505 0 _aMildred Lawson -- John Norton -- Agnes Lahens
506 _aPublic domain in the USA.
516 _aElectronic text
653 _aFiction
830 0 _aProject Gutenberg
_v6005
856 4 0 _uhttp://www.gutenberg.org/ebooks/6005
942 _cEB
999 _c235333
_d235333